| 000 | 00572nam a22001937a 4500 | ||
|---|---|---|---|
| 005 | 20251108164302.0 | ||
| 008 | 250721s1962 xx 000 0 ara d | ||
| 082 | 1 | 4 | _a629.138/جرى |
| 100 | 1 | _aجري، جيري | |
| 245 | 1 | 0 | _aتقرير عن الفضاء اليوم و غدا / |
| 264 | 1 |
_aالقاهره : _bدار الفكر العربي، _c1962. |
|
| 300 | _a345ص | ||
| 650 | 1 | 7 | _aالفضاء |
| 650 | 1 | 7 | _aالطيران |
| 650 | 1 | 7 | _aالأقمار الصناعية |
| 700 | 1 |
_aالبرادعي، زكريا _etran. |
|
| 942 |
_2ddc _cBK |
||
| 999 |
_c8363 _d8363 |
||